Guess The Place of Origins of These Musicians - Statistics

General Stats
  • This quiz has been taken 53 times
  • The average score is 14 of 20
Answer Stats
Hint Answer % Correct
Kraftwerk Germany
94%
U2 Ireland
94%
Green Day USA
92%
Vampire Weekend USA
92%
Neil Young Canada
90%
Phoenix France
88%
Fleetwood Mac England
86%
Oasis England
86%
The Hives Sweden
78%
Franz Ferdinand Scotland
72%
The Temper Trap Australia
66%
Triggerfinger Belgium
66%
L'Arc-en-Ciel Japan
64%
Manic Street Preachers Wales
62%
Sigur Rós Iceland
58%
Michael Learns to Rock Denmark
56%
Girls Generation South Korea
48%
Two Door Cinema Club Northern Ireland
42%
maNga Turkey
34%
Amadou & Mariam Mali
14%
No matching quizzes found
Score Distribution
Percent of People with Each Score
Percentile by Number Answered
Your Score History
You have not taken this quiz